Deutschland WM Kader 2002 - Statistiken

Allgemein
  • Dieses Quiz wurde 248 mal gespielt
  • Das Durchschnittsergebnis liegt bei 13 aus 23
Antwortstatistiken
Hint Antwort % Korrekt
1 Oliver Kahn
99%
13 Michael Ballack
90%
12 Jens Lehmann
86%
11 Miroslav Klose
85%
7 Oliver Neuville
75%
19 Bernd Schneider
73%
9 Carsten Jancker
62%
5 Carsten Ramelow
62%
22 Torsten Frings
61%
16 Jens Jeremies
58%
21 Christoph Metzelder
57%
20 Oliver Bierhoff
56%
14 Gerald Asamoah
54%
17 Marco Bode
50%
6 Christian Ziege
47%
2 Thomas Linke
45%
23 Hans Jörg Butt
43%
15 Sebastian Kehl
42%
8 Dietmar Hamann
39%
10 Lars Ricken
33%
4 Frank Baumann
25%
3 Marco Rehmer
24%
18 Jörg Böhme
18%
Keine übereinstimmenden Quizze gefunden
Verteilung der Resultate
Anzahl Personen mit jedem Resultat
Perzentil nach korrekt beantworteten Fragen
Ihre Resultats-Entwicklung
Sie haben dieses Quiz noch nicht gespielt